000 00586nam a2200229Ia 4500
005 20260429111914.0
008 260429s9999||||xx |||||||||||||| ||und||
020 _a9789389183955
041 _aEnglish
082 _a538.4
_bBAL
100 _aBalay, Gautam
245 0 _aIntroduction to magnetometers /
_cGautam Balay
260 _aNew Delhi :
_bBio-Green Books,
_c2024.
300 _aviii, 96 p.; hb
650 _a Magnetism
650 _a Magnetometers
650 _a Magnets
650 _aPhysics
700 _a Kamble, Sparsh
700 _a Shinde, Aditi
942 _cTB
999 _c51364
_d51364